000 00535nam a22001817a 4500
005 20260227155107.0
008 260227b |||||||| |||| 00| 0 eng d
037 _cDSWL
040 _aDSWL
_cDSWL
041 _heng
084 _aY15-5927:491.2 Q1
245 _aDalit women speak out
260 _aNew Delhi,
_bZubaan Publication,
_c2011
300 _a445p
365 _aINR
_b695
942 _2CC
_cTEXL
_hY15-5927:491.2 Q1
_n0
999 _c1680325
_d1680325